Lincoln centenary, February 12, 1909; (Record no. 18761)

MARC details
000 -LEADER
fixed length control field 01155cam a22002891 4500
001 - CONTROL NUMBER
control field e 09000110
003 - CONTROL NUMBER IDENTIFIER
control field DLC
005 - DATE AND TIME OF LATEST TRANSACTION
control field 20260227111150.0
007 - PHYSICAL DESCRIPTION FIXED FIELD--GENERAL INFORMATION
fixed length control field cr_|||||||||||
008 - FIXED-LENGTH DATA ELEMENTS--GENERAL INFORMATION
fixed length control field 820616s1909 nyuach s000 0 eng c
010 ## - LIBRARY OF CONGRESS CONTROL NUMBER
LC control number e 09000110
035 ## - SYSTEM CONTROL NUMBER
System control number (OCoLC)8524006
040 ## - CATALOGING SOURCE
Original cataloging agency U.S. Off. of educ. Library
Transcribing agency NBuU
Modifying agency OCoLC
-- DLC
050 00 - LIBRARY OF CONGRESS CALL NUMBER
Classification number E457.7
Item number .N53
110 2# - MAIN ENTRY--CORPORATE NAME
Corporate name or jurisdiction name as entry element University of the State of New York.
245 10 - TITLE STATEMENT
Title Lincoln centenary, February 12, 1909;
Remainder of title a prospectus for the schools of the state;
Statement of responsibility, etc. comp. by Harlan Hoyt Horner.
260 ## - PUBLICATION, DISTRIBUTION, ETC.
Place of publication, distribution, etc. Albany,
Name of publisher, distributor, etc. New York state education department,
Date of publication, distribution, etc. 1909.
300 ## - PHYSICAL DESCRIPTION
Extent 31. [1] p.
Other physical details ill. (incl. ports., facsims.)
Dimensions 22 cm.
500 ## - GENERAL NOTE
General note At head of title: New York state education department.
500 ## - GENERAL NOTE
General note Title vignette.
500 ## - GENERAL NOTE
General note Covers included in pagination.
500 ## - GENERAL NOTE
General note "Abraham Lincoln, a select reading list": p. 26-27.
530 ## - ADDITIONAL PHYSICAL FORM AVAILABLE NOTE
Additional physical form available note Also available in digital form on the Internet Archive Web site.
600 10 - SUBJECT ADDED ENTRY--PERSONAL NAME
Personal name Lincoln, Abraham,
Dates associated with a name 1809-1865
General subdivision Anniversaries, etc.
700 1# - ADDED ENTRY--PERSONAL NAME
Personal name Horner, Harlan Hoyt,
Dates associated with a name 1878-1965,
Relator term comp.
856 41 - ELECTRONIC LOCATION AND ACCESS
Uniform Resource Identifier <a href="http://hdl.loc.gov/loc.gdc/scd0001.00118377035">http://hdl.loc.gov/loc.gdc/scd0001.00118377035</a>

No items available.

Powered by Koha